00926cam a2200277 a 4500999001500000001000500015003000900020005001700029008004100046020001600087020001800103040003800121082001900159100001900178245007900197260003500276300004100311504004100352600001600393650004200409650002500451700002100476700002200497942001200519952011700531 c2583d25831533BD-DhUAP20210130133507.0011213s1995 bg abf b f000 0 eng  a4871402231  a9784871402231 aBD-DhUAPcBD-DhUAPdBD-DhUAPbEng00a720.92 HAD223 aHadid, Zaha M. aZaha M. Hadid /cZaha M. Hadid ; edited by Yukio Futagawa; Yoshio Futagawa aTokyo :bA.D.A. Edita,cc1996. a160 pages :billustrations ;c30 cm. aIncludes bibliographical references. aHadid, Zaha aArchitectural drawing zGreat Britain aModern Architecture. aFutagawa, Yukio  aFutagawa, Yoshio  2ddccBK 00102ddc4070aUAPCLbUAPCLcGeneral Stacksd2020-02-26o720.92 HADp3010001533r2020-02-26t1w2020-02-26yBK